Normal view
MARC view
- Advanced Organic Chemistry
Entry Topical Term
001 - CONTROL NUMBER
- control field: 128953
003 - CONTROL NUMBER IDENTIFIER
- control field: NUST
005 - DATE AND TIME OF LATEST TRANSACTION
- control field: 20250515112116.0
008 - FIXED-LENGTH DATA ELEMENTS
- fixed length control field: 250515|| aca||aabn | a|a d
040 ## - CATALOGING SOURCE
- Original cataloging agency: NUST
- Transcribing agency: NUST
150 ## - HEADING--TOPICAL TERM
- Topical term or geographic name entry element: Advanced Organic Chemistry
670 ## - SOURCE DATA FOUND
- Source citation: Work cat.: (NUST)0: Carey, Francis A., 1937- 128952, Advanced organic chemistry , c2007.
